Obiekty UNESCO w Polsce - nagła śmierć - Statystyki

Ogólne statystyki
  • Ten quiz został rozwiązany 206 razy
  • Średni wynik to 8 z 17
Answers on the Grid
Answers color-coded by a green-red scale on the quiz's grid according to % correct below.
Auschwitz-Birkenau
Drewniane cerkwie w regionie Karpat
Drewniane kościoły południowej Małopolski
Główne Miasto w Gdańsku
Hala Stulecia we Wrocławiu
Kalwaria Zebrzydowska
Kaplica Czaszek w Kudowie-Zdroju
Klasztor na Jasnej Górze w Częstochowie
Kopalnia rud ołowiu, srebra i cynku w Tarnowskich Górach
Kopalnia soli w Bogatyni
Kościoły Pokoju w Jaworze i Świdnicy
Królewskie kopalnie soli w Wieliczce i Bochni
Krzemionkowski region prehistorycznego górnictwa krzemienia pasiastego
Lasy bukowe w Karpatach
Modernistyczne Centrum Gdyni
Park Mużakowski
Puszcza Białowieska
Średniowieczny zespół miejski Torunia
Stare Miasto i Ogród Zoologiczny we Wrocławiu
Stare Miasto w Krakowie
Stare Miasto w Poznaniu
Stare Miasto w Warszawie
Stare Miasto w Zamościu
Zamek krzyżacki w Malborku
Zamek w Lublinie
Zespół miejski Kazimierza Dolnego
Zespół Miejski Sandomierza
 
Statystyki odpowiedzi
Odpowiedź % Poprawnych
Auschwitz-Birkenau
95%
Hala Stulecia we Wrocławiu
54%
Drewniane cerkwie w regionie Karpat
50%
Drewniane kościoły południowej Małopolski
50%
Królewskie kopalnie soli w Wieliczce i Bochni
50%
Zamek krzyżacki w Malborku
50%
Puszcza Białowieska
44%
Stare Miasto w Krakowie
42%
Stare Miasto w Zamościu
41%
Kopalnia rud ołowiu, srebra i cynku w Tarnowskich Górach
40%
Stare Miasto w Warszawie
40%
Kalwaria Zebrzydowska
39%
Kościoły Pokoju w Jaworze i Świdnicy
37%
Krzemionkowski region prehistorycznego górnictwa krzemienia pasiastego
36%
Średniowieczny zespół miejski Torunia
36%
Park Mużakowski
32%
Lasy bukowe w Karpatach
28%
Nie znaleziono quizów pasujących do podanych kryteriów
Rozkład punktacji
Procent ludzi z każdym wynikiem
Percentyl według liczby udzielonych odpowiedzi
Twoja historia wyników
Nie rozwiązałeś tego quizu